000 00854cam a22002893a 4500
001 11205
003 PGUSA
005 20140828083234.0
008 040201s2004||||xxu|||||s|||||000 1 eng d
040 _aPGUSA
_beng
042 _adc
050 4 _aPQ
100 1 _aVerne, Jules,
_d1828-1905
245 1 0 _a20.000 Mijlen onder Zee :
_bOostelijk Halfrond
_h[electronic resource] /
_cJules Verne
260 _bProject Gutenberg,
_c2004
500 _aVolume 1 (of 2)
506 _aPublic domain in the USA.
516 _aElectronic text
653 _aUnderwater exploration -- Fiction
653 _aSea stories
653 _aScience fiction
653 _aSubmarines (Ships) -- Fiction
740 0 _aVingt mille lieues sous les mers. Dutch
830 0 _aProject Gutenberg
_v11205
856 4 0 _uhttp://www.gutenberg.org/ebooks/11205
942 _cEB
999 _c240460
_d240460